Welcome to CU Library Online Public Access Catalogue (OPAC)

The dynamics of mass communication / (Record no. 9185)

MARC details
000 -LEADER
fixed length control field 00689cam a2200217 a 4500
001 - CONTROL NUMBER
control field 2089075
005 - DATE AND TIME OF LATEST TRANSACTION
control field 20260327183641.0
008 - FIXED-LENGTH DATA ELEMENTS--GENERAL INFORMATION
fixed length control field 950822s1996 nyua b 001 0 eng
020 ## - INTERNATIONAL STANDARD BOOK NUMBER
International Standard Book Number 0070179964
Qualifying information acid-free paper
020 ## - INTERNATIONAL STANDARD BOOK NUMBER
International Standard Book Number 9780070179967
Qualifying information (acid-free paper)
050 00 - LIBRARY OF CONGRESS CALL NUMBER
Classification number P90
Item number .D59 1996
082 00 - DEWEY DECIMAL CLASSIFICATION NUMBER
Classification number 302.23
Edition information 20
100 1# - MAIN ENTRY--PERSONAL NAME
Personal name Dominick, Joseph R.
245 14 - TITLE STATEMENT
Title The dynamics of mass communication /
Statement of responsibility, etc. Joseph R. Dominick.
250 ## - EDITION STATEMENT
Edition statement 5th ed., International ed.
260 ## - PUBLICATION, DISTRIBUTION, ETC.
Place of publication, distribution, etc. New York :
Name of publisher, distributor, etc. McGraw-Hill,
Date of publication, distribution, etc. c1996.
300 ## - PHYSICAL DESCRIPTION
Extent xxiii, 599 p. :
Other physical details ill. (some col.) ;
Dimensions 26 cm.
440 #0 - SERIES STATEMENT/ADDED ENTRY--TITLE
Title McGraw-Hill series in mass communication
650 #0 - SUBJECT ADDED ENTRY--TOPICAL TERM
Topical term or geographic name entry element Mass media.
942 ## - ADDED ENTRY ELEMENTS (KOHA)
Source of classification or shelving scheme Library of Congress Classification
Koha item type Books
Edition 5th Ed.
Suppress in OPAC No
999 ## -
-- 9185
-- 9185
Holdings
Withdrawn status Lost status Source of classification or shelving scheme Damaged status Not for loan Collection Home library Current library Shelving location Date acquired Total checkouts Full call number Barcode Date last seen Copy number Price effective from Koha item type
    Library of Congress Classification     Non-fiction Business Library (Miotso) Business Library (Miotso) General stacks 03/27/2026   P90 .D59 1996 BSSM00003084 03/27/2026 1 03/27/2026 Books
    Library of Congress Classification     Non-fiction Business Library (Miotso) Business Library (Miotso) General stacks 03/27/2026   P90 .D59 1996 BSSM00003085 03/27/2026 2 03/27/2026 Books
© 2023-2024 Copyright: Central University Libraries. All Rights Reserved | Created by: Mahone Tech Office